Introduction to business data processing

Bibliographic Details
Main Author: Orilla, Lawrence S.
Format: Book
Published: Auckland : McGraw Hill , c1982
Edition:2nd ed.
Subjects:

MARC

LEADER 00000cam a2200000 7i4500
001 0000002029
005 20021112.0
020 |a 007047835x 
040 |a INS 
090 0 0 |a HF5548.2.   |b O688 1982 
100 1 |a Orilla, Lawrence S. 
245 0 0 |a Introduction to business data processing   |c Lawrence S. Orilla 
250 |a 2nd ed. 
260 |a Auckland :   |b McGraw Hill ,   |c c1982 
300 |a xxii, 700p. 
650 0 0 |a Business   |x data processing 
650 0 0 |a Electronic data processing 
999 |a 0000000624   |b BOOK   |c Open Shelf   |e Default branch 
999 |a 0000004215   |b BOOK   |c Open Shelf   |e Default branch